|
|
|
|
| LEADER |
00000nam0a2200000 4500 |
| 001 |
146108 |
| 005 |
20231101221212.0 |
| 010 |
|
|
|a 9785911805289
|
| 035 |
|
|
|a (RuTPU)RU\TPU\book\158373
|
| 035 |
|
|
|a RU\TPU\book\63757
|
| 090 |
|
|
|a 146108
|
| 100 |
|
|
|a 20040205d2008 m y0rusy50 ca
|
| 101 |
0 |
|
|a rus
|
| 102 |
|
|
|a RU
|
| 105 |
|
|
|a a j 001zy
|
| 200 |
1 |
|
|a Сетевые операционные системы
|f В. Г. Олифер, Н. А. Олифер
|
| 205 |
|
|
|a 2-е изд.
|
| 210 |
|
|
|a СПб.
|c Питер
|d 2008
|
| 215 |
|
|
|a 669 с.
|c ил.
|
| 225 |
1 |
|
|a Учебник для вузов
|
| 320 |
|
|
|a Библиогр.: с. 650-651.
|
| 320 |
|
|
|a Алфавитный указатель: с. 652-668.
|
| 330 |
|
|
|a Эта книга — не о конкретной системе и даже не о конкретном типе операционных систем. Она рассматривает фундаментальные концепции и принципы построения, справедливые для большинства известных на сегодня операционных систем. В первую очередь это издание рекомендуется студентам и аспирантам различных специальностей направления «Информатика и вычислительная техника» как учебное пособие по курсам «Операционные системы» и «Организация вычислительных процессов». Кроме того, оно может быть полезно специалистам: программистам, сетевым администраторам. И наконец, книга может заинтересовать всех, кто имеет дело с компьютерами и хочет больше узнать о том, как устроены современные операционные системы. Допущено Министерством образования Российской Федерации в качестве учебного пособия для студентов высших учебных заведений, обучающихся по направлению подготовки дипломированных специалистов «Информатика и вычислительная техника».
|
| 451 |
|
1 |
|0 (RuTPU)RU\TPU\book\63757
|y 5-272-00120-6
|t Сетевые операционные системы
|o учебное пособие
|f В. Г. Олифер, Н. А. Олифер
|c СПб.
|n Питер
|d 2003
|p 538 с.
|s Учебник для вузов
|a Олифер, Виктор Григорьевич
|
| 606 |
1 |
|
|a Операционные системы сетевые
|2 stltpush
|3 (RuTPU)RU\TPU\subj\47061
|9 66128
|
| 610 |
1 |
|
|a компьютерные сети
|
| 610 |
1 |
|
|a операционные системы
|
| 610 |
1 |
|
|a эволюция
|
| 610 |
1 |
|
|a функции
|
| 610 |
1 |
|
|a архитектура
|
| 610 |
1 |
|
|a память
|
| 610 |
1 |
|
|a управление
|
| 610 |
1 |
|
|a сетевые службы
|
| 610 |
1 |
|
|a сетевая безопасность
|
| 610 |
1 |
|
|a учебники
|
| 675 |
|
|
|a 681.324.06(075.8)
|v 3
|
| 700 |
|
1 |
|a Олифер
|b В. Г.
|g Виктор Григорьевич
|
| 701 |
|
1 |
|a Олифер
|b Н. А.
|g Наталия Алексеевна
|
| 801 |
|
1 |
|a RU
|b 63413507
|c 20081027
|g PSBO
|
| 801 |
|
2 |
|a RU
|b 63413507
|c 20210203
|g PSBO
|
| 900 |
|
|
|a Операционные системы
|
| 900 |
|
|
|a Операционные системы, среды и оболочки
|
| 900 |
|
|
|a Организация ЭВМ и систем
|
| 900 |
|
|
|a Системы реального времени
|
| 942 |
|
|
|c BK
|
| 952 |
|
|
|b 230100
|
| 959 |
|
|
|a 94/20081023
|d 2
|e 266,00
|f ЧЗТЛ:1
|f АНЛ:1
|